Bước đầu tiếp nhận lịch sử văn học Việt Nam giai đoạn giao thời (cuối thế kỷ XIX đầu thế kỷ XX) từ góc độ văn hóa /
שמור ב:
| מחבר ראשי: | |
|---|---|
| פורמט: | Bài viết |
| שפה: | Vietnamese |
| נושאים: | |
| תגים: |
הוספת תג
אין תגיות, היה/י הראשונ/ה לתייג את הרשומה!
|
| Thư viện lưu trữ: | Thư viện Trường Đại học Đà Lạt |
|---|
| LEADER | 00906nam a2200265 4500 | ||
|---|---|---|---|
| 001 | DLU180183329 | ||
| 005 | ##20180122 | ||
| 040 | # | # | |a DLU |b vie |
| 041 | # | # | |a vie |
| 044 | # | # | |a vn |
| 100 | # | # | |a Cao Thị Hảo. |
| 245 | # | # | |a Bước đầu tiếp nhận lịch sử văn học Việt Nam giai đoạn giao thời (cuối thế kỷ XIX đầu thế kỷ XX) từ góc độ văn hóa / |c Cao Thị Hảo. |
| 653 | # | # | |a Lịch sử văn học |
| 653 | # | # | |a Nam Bộ |
| 653 | # | # | |a Tiếp nhận văn học |
| 653 | # | # | |a Văn vần quốc ngữ |
| 773 | # | # | |t Tạp chí Lý luận, phê bình văn học, nghệ thuật |g Số 22, 2014, tr. 38-42 |
| 920 | # | # | |a Phòng Tạp chí --Trung tâm Thông tin - Thư viện Trường Đại học Đà Lạt |
| 900 | # | # | |a True |
| 911 | # | # | |a Lê Thị Hồng |
| 925 | # | # | |a G |
| 926 | # | # | |a A |
| 927 | # | # | |a BB |
| 980 | # | # | |a Thư viện Trường Đại học Đà Lạt |